[Event "EU-ch Seniors 65 21st"]
[Site "Lublin"]
[Date "2022.07.13"]
[Round "9"]
[White "Praszak, Michal"]
[Black "Lederman, Leon S"]
[Result "1-0"]
[WhiteElo "2048"]
[BlackElo "2209"]
[PlyCount "129"]
[EventDate "2022.07.05"]
[EventType "swiss"]
[EventRounds "9"]
[EventCountry "POL"]
[SourceTitle "CBM 209 Extra"]
[Source "ChessBase"]
[SourceDate "2022.09.30"]
[SourceVersion "1"]
[SourceVersionDate "2022.09.30"]
[SourceQuality "1"]

1. d4 Nf6 2. c4 c5 3. d5 e5 4. Nc3 d6 5. e4 Be7 6. g3 0-0 7. Bg2 Ne8 8. Nge2 Nd7 9. 0-0 Rb8 10. a4 Nc7 11. Nb5 Nxb5 12. axb5 a6 13. Nc3 Bg5 14. b3 g6 15. Bh3 Bxc1 16. Qxc1 Nf6 17. Bxc8 Qxc8 18. f3 Kg7 19. Ra2 h6 20. Rg2 Ne8 21. f4 f6 22. f5 g5 23. Qd1 Qd7 24. Ra2 Nc7 25. Qh5 Qf7 26. Qxf7+ Rxf7 27. b6 Ne8 28. Kf2 Kh8 29. Ke3 Rh7 30. Kd3 g4 31. Nd1 Rd8 32. Ne3 h5 33. Rg1 Rdd7 34. Ng2 Kg7 35. Rb1 Rd8 36. b4 cxb4 37. Rxb4 Rc8 38. Ra5 Kg8 39. Rb1 Rd7 40. Ne3 Kf8 41. Nd1 Rh7 42. Ne3 Rd7 43. Rh1 Rc5 44. Ra2 Ng7 45. h3 gxh3 46. Rxh3 Kg8 47. Rh1 Re7 48. g4 hxg4 49. Nxg4 Ne8 50. Ne3 Rg7 51. Rh4 Kf7 52. Rxa6 Rc8 53. Ra7 Kg8 54. Rg4 Rb8 55. Kc3 Rxg4 56. Nxg4 Kf7 57. Kb4 Ke7 58. Ra1 Kf7 59. Ne3 Rc8 60. Nd1 Ng7 61. Nc3 Rh8 62. Ra7 Rb8 63. Nb5 Ne8 64. Nc7 Kf8 65. Kb5 1-0

[Event "EU-ch Seniors 65 21st"]
[Site "Lublin"]
[Date "2022.07.12"]
[Round "8"]
[White "Praszak, Michal"]
[Black "Stokes, Michael"]
[Result "1-0"]
[WhiteElo "2048"]
[BlackElo "2024"]
[PlyCount "53"]
[EventDate "2022.07.05"]
[EventType "swiss"]
[EventRounds "9"]
[EventCountry "POL"]
[SourceTitle "CBM 209 Extra"]
[Source "ChessBase"]
[SourceDate "2022.09.30"]
[SourceVersion "1"]
[SourceVersionDate "2022.09.30"]
[SourceQuality "1"]

1. d4 d5 2. c4 e6 3. Nf3 Nf6 4. Nc3 Be7 5. Bg5 h6 6. Bh4 0-0 7. e3 b6 8. Qb3 Bb7 9. Bxf6 Bxf6 10. cxd5 exd5 11. Rd1 Re8 12. Be2 c6 13. 0-0 Nd7 14. Rfe1 Qe7 15. Bd3 a5 16. a3 Qe6 17. e4 c5 18. Nxd5 Bxd5 19. exd5 Qg4 20. Rxe8+ Rxe8 21. h3 Qh5 22. Bb5 Rd8 23. Bxd7 Rxd7 24. dxc5 bxc5 25. Qb5 Rxd5 26. Qe8+ Kh7 27. Qe4+ 1-0

[Event "EU-ch Seniors 65 21st"]
[Site "Lublin"]
[Date "2022.07.09"]
[Round "5"]
[White "Stebbings, Anthony"]
[Black "Praszak, Michal"]
[Result "1-0"]
[WhiteElo "2283"]
[BlackElo "2048"]
[PlyCount "87"]
[EventDate "2022.07.05"]
[EventType "swiss"]
[EventRounds "9"]
[EventCountry "POL"]
[SourceTitle "CBM 209 Extra"]
[Source "ChessBase"]
[SourceDate "2022.09.30"]
[SourceVersion "1"]
[SourceVersionDate "2022.09.30"]
[SourceQuality "1"]

1. d4 c5 2. d5 e5 3. e4 d6 4. Nc3 a6 5. a4 Be7 6. Be2 Nd7 7. Nf3 Nf8 8. Nd2 Bg5 9. Nc4 Bxc1 10. Qxc1 b6 11. 0-0 Ng6 12. Qd2 Nf6 13. Rfb1 Rb8 14. b4 cxb4 15. Rxb4 Qc7 16. Rab1 Nd7 17. Qe3 0-0 18. Nxb6 a5 19. R4b2 Nc5 20. Nc4 Rxb2 21. Rxb2 Bd7 22. Nb5 Bxb5 23. axb5 a4 24. b6 Qd7 25. Na3 Rb8 26. Bb5 Qd8 27. Nc4 Ne7 28. Bc6 f5 29. f3 fxe4 30. fxe4 Ng6 31. g3 Qf6 32. Rb1 h6 33. Kg2 Kh7 34. Rf1 Qe7 35. Qf3 Rf8 36. Qg4 Rb8 37. h4 a3 38. Ra1 Rf8 39. h5 Nf4+ 40. gxf4 Rxf4 41. Qg6+ Kg8 42. Rxa3 Qf8 43. Ne3 Nxe4 44. Ra8 1-0

[Event "Malopolska-ch"]
[Site "Krakow"]
[Date "2022.06.16"]
[Round "2"]
[White "Praszak, Michal"]
[Black "Dziewonski, Dariusz"]
[Result "0-1"]
[WhiteElo "2062"]
[BlackElo "2015"]
[PlyCount "138"]
[EventDate "2022.06.16"]
[EventType "swiss"]
[EventRounds "7"]
[EventCountry "POL"]
[SourceTitle "CBM 208 Extra"]
[Source "ChessBase"]
[SourceDate "2022.07.31"]
[SourceVersion "1"]
[SourceVersionDate "2022.07.31"]
[SourceQuality "1"]

1. d4 d5 2. c4 e6 3. Nf3 Nf6 4. Nc3 Be7 5. Bg5 h6 6. Bh4 0-0 7. e3 b6 8. Qb3 Bb7 9. Bxf6 Bxf6 10. cxd5 exd5 11. Rd1 c6 12. Bd3 Nd7 13. 0-0 Re8 14. Rfe1 Be7 15. e4 dxe4 16. Nxe4 Nf6 17. Nxf6+ Bxf6 18. Ne5 Qc7 19. Nxf7 Kf8 20. Bg6 Re7 21. Rxe7 Qxe7 22. Nd6 Bc8 23. Nxc8 Rxc8 24. Kf1 Rd8 25. Re1 Qd7 26. Re6 Qd5 27. Qe3 Qd7 28. Qe4 Kg8 29. Qxc6 Qxc6 30. Rxc6 Bxd4 31. b3 a5 32. f4 Bc5 33. Ke2 Kf8 34. Rc7 Bd6 35. Rb7 Rb8 36. Rd7 Be7 37. Ra7 Rd8 38. g4 Rd6 39. Bd3 Re6+ 40. Kf3 Bc5 41. Be4 Re7 42. Ra6 Re6 43. h4 Bd4 44. g5 hxg5 45. hxg5 Bc5 46. a4 Bg1 47. f5 Re5 48. Kf4 Bh2+ 49. Ke3 Bg1+ 50. Kd3 Bc5 51. Ra7 Re7 52. Bb7 Rd7+ 53. Ke4 Ke7 54. Ra8 Rxb7 55. Ke5 Rd7 56. Rg8 Kf7 57. Rh8 Re7+ 58. Kd5 Re3 59. Rb8 Rd3+ 60. Kc4 Rd4+ 61. Kb5 Rd7 62. Kc6 Re7 63. b4 axb4 64. a5 b3 65. g6+ Kf6 66. a6 b2 67. Rf8+ Kg5 68. a7 Rxa7 69. f6 Bxf8 0-1

[Event "POL-chT 1st League"]
[Site "Pokrzywna"]
[Date "2018.09.07"]
[Round "7.4"]
[White "Szolc, Grzegorz"]
[Black "Praszak, Michal"]
[Result "1-0"]
[WhiteElo "2020"]
[BlackElo "2068"]
[PlyCount "183"]
[EventDate "2018.09.01"]
[EventType "team-tourn"]
[EventRounds "9"]
[EventCountry "POL"]
[SourceTitle "CBM 186 Extra"]
[Source "ChessBase"]
[SourceDate "2018.08.24"]
[SourceVersion "1"]
[SourceVersionDate "2018.08.24"]
[SourceQuality "1"]
[WhiteTeam "Gliwice Politechnika Slaska"]
[BlackTeam "Lublin Drakon"]
[WhiteTeamCountry "POL"]
[BlackTeamCountry "POL"]

1. d4 c5 2. d5 e5 3. c4 d6 4. e4 Be7 5. Nc3 a6 6. a4 Bg5 7. Be2 Bxc1 8. Qxc1 Ne7 9. Bd3 0-0 10. Nge2 Nd7 11. 0-0 Nf6 12. h3 Ng6 13. f4 exf4 14. Nxf4 Ne5 15. Qe3 Nfd7 16. Qg3 Qe7 17. Rae1 Rb8 18. b3 Re8 19. Be2 Nf8 20. Nh5 Nfg6 21. Rf2 Bd7 22. Ref1 Kh8 23. Kh1 Rg8 24. Nf4 Nxf4 25. Rxf4 f6 26. Qe3 Ng6 27. R4f3 Rge8 28. g4 Qe5 29. Qf2 Qg5 30. Qe3 Qh4 31. Qf2 Bxg4 32. Qxh4 Bxf3+ 33. Bxf3 Nxh4 34. Bg4 Ng6 35. a5 Re7 36. Bf5 Ne5 37. Na4 g6 38. Be6 Rf8 39. Nb6 Rc7 40. Kg2 Kg7 41. Kg3 h5 42. Rf2 Rd8 43. Rf1 Nf7 44. h4 Ne5 45. Rf2 Rh8 46. Rf1 Re8 47. Rf2 Rf8 48. Rf1 f5 49. exf5 gxf5 50. Kf4 Ng6+ 51. Kg5 f4 52. Nd7 Rxd7 53. Bxd7 f3 54. Kxh5 Ne5 55. Bg4 Kf6 56. Rxf3+ Nxf3 57. Bxf3 Kf5 58. Bg4+ Kf4 59. Bd7 Rh8+ 60. Kg6 Rxh4 61. Bc8 Ke5 62. Bxb7 Rh1 63. Bxa6 Ra1 64. Bb5 Rxa5 65. Kf7 Ra7+ 66. Kg6 Re7 67. Ba4 Kd4 68. Kf6 Re3 69. Kf5 Kc3 70. Kf6 Kb4 71. Kf5 Ka5 72. Kf6 Kb6 73. Kf5 Kc7 74. Kf6 Kd8 75. Kf7 Kc7 76. Kf6 Kb6 77. Kf5 Ka5 78. Kf6 Kb4 79. Kf5 Kc3 80. Kf6 Kd2 81. Kf5 Ke2 82. Kf6 Kf3 83. Kf5 Kg3 84. Kf6 Kf4 85. Kg6 Re7 86. Kf6 Rb7 87. Ke6 Rb6 88. Bc6 Ke4 89. Bb5 Kd4 90. Kd7 Rb8 91. Kxd6 Rb6+ 92. Kc7 1-0

[Event "POL-chT 1st League"]
[Site "Pokrzywna"]
[Date "2018.09.03"]
[Round "3.2"]
[White "Polok, Kacper"]
[Black "Praszak, Michal"]
[Result "1/2-1/2"]
[WhiteElo "2295"]
[BlackElo "2068"]
[PlyCount "69"]
[EventDate "2018.09.01"]
[EventType "team-tourn"]
[EventRounds "9"]
[EventCountry "POL"]
[SourceTitle "CBM 186 Extra"]
[Source "ChessBase"]
[SourceDate "2018.08.24"]
[SourceVersion "1"]
[SourceVersionDate "2018.08.24"]
[SourceQuality "1"]
[WhiteTeam "Raciborz Silesia"]
[BlackTeam "Lublin Drakon"]
[WhiteTeamCountry "POL"]
[BlackTeamCountry "POL"]

1. e4 c5 2. Nc3 Nc6 3. Bb5 Nd4 4. Bc4 g6 5. Nf3 Bg7 6. Nxd4 cxd4 7. Qf3 e6 8. Nb5 Be5 9. c3 dxc3 10. dxc3 a6 11. Nd4 Ne7 12. Bh6 b5 13. Bb3 Bb7 14. Qe3 Nc6 15. Nxc6 Bxc6 16. f4 Qh4+ 17. Qg3 Qxh6 18. fxe5 0-0 19. 0-0 Bxe4 20. Rf4 Bf5 21. Rd1 Rad8 22. Rfd4 d5 23. exd6 Rd7 24. c4 Rc8 25. cxb5 axb5 26. Qe5 Bc2 27. Bxe6 Bxd1 28. Bxd7 Rc1 29. Qe8+ Kg7 30. Qe5+ Kg8 31. Bh3 Bg4+ 32. Kf2 Qh4+ 33. Qg3 Rc2+ 34. Kg1 Rc1+ 35. Kf2 1/2-1/2

[Event "POL-chT 1st League"]
[Site "Poronin"]
[Date "2016.09.08"]
[Round "6.4"]
[White "Szusterowski, Radoslaw"]
[Black "Praszak, Michal"]
[Result "1/2-1/2"]
[WhiteElo "2224"]
[BlackElo "2095"]
[PlyCount "127"]
[EventDate "2016.09.03"]
[EventType "team-tourn"]
[EventRounds "9"]
[EventCountry "POL"]
[SourceTitle "CBM 174 Extra"]
[Source "ChessBase"]
[SourceDate "2016.10.10"]
[SourceVersion "1"]
[SourceVersionDate "2016.10.10"]
[SourceQuality "1"]
[WhiteTeam "Czestochowa Hetman"]
[BlackTeam "Lublin Drakon"]
[WhiteTeamCountry "POL"]
[BlackTeamCountry "POL"]

1. d4 Nf6 2. Nf3 g6 3. c4 Bg7 4. Nc3 0-0 5. e4 d6 6. Be2 c5 7. 0-0 Nbd7 8. Re1 a6 9. h3 b6 10. d5 Ne8 11. a4 Rb8 12. Bd3 e5 13. Qc2 Ndf6 14. Rb1 a5 15. Ne2 h6 16. Ng3 Nh7 17. Bd2 h5 18. Nh2 Rb7 19. Ngf1 f5 20. exf5 gxf5 21. Ng3 e4 22. Be2 h4 23. Nh5 Bd4 24. Bh6 Ng7 25. Qd2 Qe8 26. Nxg7 Bxg7 27. Bf4 Qe7 28. f3 Bd4+ 29. Be3 Qg7 30. f4 Bd7 31. Bd1 Be8 32. Kh1 Bf6 33. Qf2 Kh8 34. Rg1 Rg8 35. Nf1 Qh6 36. b3 Rbg7 37. Rc1 Bh5 38. Qd2 Bxd1 39. Qxd1 Nf8 40. Qd2 Nd7 41. Kh2 Rg6 42. Rc2 Qg7 43. Qd1 Qh6 44. Qe2 Kh7 45. g4 hxg3+ 46. Nxg3 Rxg3 47. Rxg3 Rxg3 48. Kxg3 Bh4+ 49. Kh2 Nf6 50. Rc1 Nh5 51. Rg1 Ng7 52. Qg2 Bf6 53. Bc1 Bd4 54. Rf1 Qh5 55. Re1 Qh4 56. Re2 Qh5 57. Bd2 Ne8 58. Re1 Ng7 59. Be3 Bf6 60. Rg1 Qh6 61. Kh1 Qh5 62. Rf1 Qh4 63. Bd2 Qh6 64. Kh2 1/2-1/2

[Event "POL-chT 1st League"]
[Site "Jastrzebia Gora"]
[Date "2015.09.12"]
[Round "8.25"]
[White "Szwed, Jacek"]
[Black "Praszak, Michal"]
[Result "1-0"]
[WhiteElo "2330"]
[BlackElo "2140"]
[PlyCount "63"]
[EventDate "2015.09.05"]
[EventType "team-tourn"]
[EventRounds "9"]
[EventCountry "POL"]
[SourceTitle "EXT 2016"]
[Source "ChessBase"]
[SourceDate "2015.10.08"]
[SourceVersion "1"]
[SourceVersionDate "2015.10.08"]
[SourceQuality "1"]
[WhiteTeam "Myslenice"]
[BlackTeam "Lublin Drakon"]
[WhiteTeamCountry "POL"]
[BlackTeamCountry "POL"]

1. e4 c5 2. Nf3 d6 3. d4 cxd4 4. Qxd4 a6 5. h3 Nc6 6. Qe3 g6 7. c4 Bg7 8. Be2 Nf6 9. Nc3 0-0 10. 0-0 Rb8 11. Rb1 Nd7 12. b4 Nde5 13. Rd1 Nxf3+ 14. Bxf3 Ne5 15. Be2 Be6 16. c5 Nc4 17. Qg3 Qc7 18. Nd5 Bxd5 19. exd5 Ne5 20. Bf4 Rbc8 21. Rbc1 Qd7 22. Qb3 Qf5 23. Be3 g5 24. c6 b5 25. Qc2 Qxc2 26. Rxc2 h6 27. a4 f5 28. f3 Rb8 29. axb5 axb5 30. c7 Ra8 31. Bxb5 Rfc8 32. Bd4 1-0

[Event "POL-chT 1st League"]
[Site "Jastrzebia Gora"]
[Date "2015.09.08"]
[Round "4.13"]
[White "Cyborowski, Lukasz"]
[Black "Praszak, Michal"]
[Result "1-0"]
[WhiteElo "2530"]
[BlackElo "2140"]
[PlyCount "65"]
[EventDate "2015.09.05"]
[EventType "team-tourn"]
[EventRounds "9"]
[EventCountry "POL"]
[SourceTitle "EXT 2016"]
[Source "ChessBase"]
[SourceDate "2015.10.08"]
[SourceVersion "1"]
[SourceVersionDate "2015.10.08"]
[SourceQuality "1"]
[WhiteTeam "Miedzyborow Wrzos"]
[BlackTeam "Lublin Drakon"]
[WhiteTeamCountry "POL"]
[BlackTeamCountry "POL"]

1. d4 Nf6 2. c4 g6 3. Nc3 Bg7 4. e4 0-0 5. Be3 d6 6. f3 Nbd7 7. Qd2 c5 8. Nge2 a6 9. Rd1 Qa5 10. Nc1 cxd4 11. Bxd4 Qc7 12. Nb3 b6 13. Be2 Bb7 14. 0-0 Rfd8 15. Nd5 Bxd5 16. cxd5 Nc5 17. Rc1 Qd7 18. Be3 Nxb3 19. axb3 b5 20. Rfd1 e6 21. dxe6 Qxe6 22. Rc6 Qxb3 23. e5 Ne8 24. Bg5 f6 25. exf6 Bxf6 26. Bxf6 Nxf6 27. Ra1 Rac8 28. Raxa6 Rxc6 29. Rxc6 Nd5 30. Bc4 bxc4 31. Qxd5+ Kf8 32. Qd4 Kg8 33. Rc7 1-0

[Event "POL-chT 1st League"]
[Site "Jastrzebia Gora"]
[Date "2015.09.07"]
[Round "3.19"]
[White "Praszak, Michal"]
[Black "Skawinski, Arkadiusz"]
[Result "0-1"]
[WhiteElo "2140"]
[BlackElo "2340"]
[PlyCount "94"]
[EventDate "2015.09.05"]
[EventType "team-tourn"]
[EventRounds "9"]
[EventCountry "POL"]
[SourceTitle "EXT 2016"]
[Source "ChessBase"]
[SourceDate "2015.10.08"]
[SourceVersion "1"]
[SourceVersionDate "2015.10.08"]
[SourceQuality "1"]
[WhiteTeam "Lublin Drakon"]
[BlackTeam "Wisznia Mala"]
[WhiteTeamCountry "POL"]
[BlackTeamCountry "POL"]

1. d4 d5 2. c4 c6 3. Nc3 Nf6 4. cxd5 cxd5 5. Bf4 Nc6 6. e3 a6 7. Bd3 b5 8. Nf3 Bb7 9. h3 e6 10. 0-0 Rc8 11. Rc1 Be7 12. Qe2 Qa5 13. Nd2 Qb6 14. Nb3 0-0 15. a4 Nb4 16. Bb1 Ne4 17. axb5 axb5 18. Rfd1 Nxc3 19. bxc3 Nc6 20. e4 Na5 21. Nd2 Ba3 22. Rc2 Nc4 23. Ra2 Be7 24. e5 b4 25. Qd3 g6 26. cxb4 Qxb4 27. Nb3 Ra8 28. Bd2 Qb6 29. Qc3 Nxd2 30. Nxd2 Rxa2 31. Bxa2 Bb4 32. Qb2 Qa5 33. Nf3 Ba6 34. Bb3 Bc3 35. Qc1 Be2 36. Qh6 Bxf3 37. gxf3 Qb4 38. Bc2 Bxd4 39. Qh4 Bc5 40. Qg3 Qc3 41. Bd3 Rb8 42. f4 Rb2 43. Qg5 Bxf2+ 44. Kh1 Bc5 45. Ra1 Bf8 46. Bf1 Rf2 47. Bg2 Qxa1+ 0-1

[Event "POL-chT 1st League"]
[Site "Jastrzebia Gora"]
[Date "2015.09.06"]
[Round "2.7"]
[White "Jarmula, Lukasz"]
[Black "Praszak, Michal"]
[Result "1/2-1/2"]
[WhiteElo "2350"]
[BlackElo "2140"]
[PlyCount "129"]
[EventDate "2015.09.05"]
[EventType "team-tourn"]
[EventRounds "9"]
[EventCountry "POL"]
[SourceTitle "EXT 2016"]
[Source "ChessBase"]
[SourceDate "2015.10.08"]
[SourceVersion "1"]
[SourceVersionDate "2015.10.08"]
[SourceQuality "1"]
[WhiteTeam "Pultusk Nadnarwianka"]
[BlackTeam "Lublin Drakon"]
[WhiteTeamCountry "POL"]
[BlackTeamCountry "POL"]

1. d4 c5 2. d5 e5 3. e4 d6 4. Nc3 a6 5. a4 Be7 6. h3 Bg5 7. Bxg5 Qxg5 8. Nf3 Qe7 9. Bd3 Nf6 10. Nd2 0-0 11. Nc4 Nbd7 12. 0-0 b6 13. Ra3 Rb8 14. Rb3 g6 15. Qe2 Ne8 16. Ne3 Nc7 17. g4 Ra8 18. Kh2 Ne8 19. Rg1 h6 20. Nc4 Rb8 21. Ne3 Ra8 22. Nc4 Rb8 23. Qe3 Kh7 24. f4 f6 25. f5 g5 26. Kg2 Kg7 27. Rh1 Nc7 28. Na3 Rh8 29. Be2 Bb7 30. Rd1 Kf7 31. Ncb1 Rbg8 32. c4 a5 33. Qd2 Qd8 34. Rh1 Na6 35. Nb5 Ke7 36. Kf2 Nb4 37. Rg3 Ba6 38. N1c3 Bxb5 39. Nxb5 Nb8 40. h4 Kd7 41. Rgh3 Qf8 42. Bd1 N8a6 43. Ke1 Qg7 44. Be2 Nc7 45. Nc3 Ne8 46. Kd1 Qf8 47. Kc1 Rh7 48. Bd1 Rhg7 49. Be2 Nc7 50. Nd1 Kc8 51. Ne3 Kb7 52. Nf1 Qe8 53. b3 Rf7 54. Ng3 Rgf8 55. Bf1 Qd7 56. Qh2 Ne8 57. hxg5 hxg5 58. Rh7 Na6 59. Qh6 Rxh7 60. Qxh7 Rf7 61. Qg8 Nac7 62. Rh6 Rg7 63. Qh8 Qe7 64. Nh5 Rf7 65. Be2 1/2-1/2

[Event "Lublin Gerlecka Memorial 4th"]
[Site "Lublin"]
[Date "2014.07.29"]
[Round "2"]
[White "Lipski, Tadeusz"]
[Black "Praszak, Michal"]
[Result "0-1"]
[WhiteElo "1986"]
[BlackElo "2098"]
[PlyCount "66"]
[EventDate "2014.07.28"]
[EventType "tourn"]
[EventRounds "9"]
[EventCountry "POL"]
[SourceTitle "CBM 161 Extra"]
[Source "ChessBase"]
[SourceDate "2014.08.29"]
[SourceVersion "1"]
[SourceVersionDate "2014.08.29"]
[SourceQuality "1"]

1. e4 c5 2. Nf3 d6 3. Bb5+ Nd7 4. d4 cxd4 5. Qxd4 a6 6. Bc4 e6 7. 0-0 b5 8. Bb3 Bb7 9. a4 Nc5 10. Nc3 bxa4 11. Bxa4+ Nxa4 12. Nxa4 Nf6 13. Nb6 Rb8 14. Qa4+ Nd7 15. Be3 Qc7 16. Rfd1 Bc6 17. Qxa6 Nxb6 18. Nd4 Bd7 19. e5 d5 20. b3 Be7 21. c4 0-0 22. Rac1 dxc4 23. bxc4 Bc5 24. Nb5 Qxe5 25. Bd4 Bxb5 26. Bxe5 Bxa6 27. Bxb8 Rxb8 28. Ra1 Bxc4 29. Rdc1 g6 30. Rab1 Rc8 31. h3 Ba2 32. Rxb6 Bxf2+ 33. Kxf2 Rxc1 0-1

[Event "Lublin Gerlecka Memorial 4th"]
[Site "Lublin"]
[Date "2014.07.28"]
[Round "1"]
[White "Siedlanowski, Lukasz"]
[Black "Praszak, Michal"]
[Result "1-0"]
[WhiteElo "1927"]
[BlackElo "2098"]
[PlyCount "53"]
[EventDate "2014.07.28"]
[EventType "tourn"]
[EventRounds "9"]
[EventCountry "POL"]
[SourceTitle "CBM 161 Extra"]
[Source "ChessBase"]
[SourceDate "2014.08.29"]
[SourceVersion "1"]
[SourceVersionDate "2014.08.29"]
[SourceQuality "1"]

1. Nf3 Nf6 2. c4 g6 3. g3 Bg7 4. Bg2 0-0 5. Nc3 d6 6. 0-0 c6 7. d4 Qa5 8. a3 Qh5 9. e4 Bh3 10. Bxh3 Qxh3 11. Ng5 Qc8 12. f4 Nfd7 13. Be3 Nb6 14. Qb3 Na6 15. c5 Nd7 16. cxd6 exd6 17. f5 d5 18. fxg6 hxg6 19. exd5 c5 20. dxc5 Naxc5 21. Qc4 Bh6 22. Rae1 Re8 23. Nxf7 Bxe3+ 24. Rxe3 Rf8 25. Qh4 Rxf7 26. Rxf7 Nf8 27. Qf6 1-0

[Event "Lublin Zukertort Memorial 6th"]
[Site "Lublin"]
[Date "2014.06.18"]
[Round "2"]
[White "Cyra, Dariusz"]
[Black "Praszak, Michal"]
[Result "1-0"]
[WhiteElo "1814"]
[BlackElo "2118"]
[PlyCount "89"]
[EventDate "2014.06.17"]
[EventType "tourn"]
[EventRounds "7"]
[EventCountry "POL"]
[SourceTitle "CBM 161 Extra"]
[Source "ChessBase"]
[SourceDate "2014.08.29"]
[SourceVersion "1"]
[SourceVersionDate "2014.08.29"]
[SourceQuality "1"]

1. Nf3 Nf6 2. d4 g6 3. Nc3 Bg7 4. e4 0-0 5. Be3 d6 6. h3 c6 7. a4 Nbd7 8. a5 Rb8 9. Bc4 b5 10. axb6 axb6 11. e5 Ne8 12. e6 fxe6 13. Ng5 Nc7 14. Bxe6+ Kh8 15. Nf7+ Rxf7 16. Bxf7 e6 17. Qg4 Nf8 18. Ne4 d5 19. Ng5 e5 20. Qh4 Bf5 21. 0-0 h6 22. dxe5 Nh7 23. Nf3 g5 24. Qh5 c5 25. c3 Be4 26. Rfd1 Qe7 27. Bg6 Bxf3 28. Qxf3 Qxe5 29. Bxh7 Kxh7 30. Qf7 Ne6 31. Re1 Rf8 32. Qe7 Qf5 33. f3 Rf7 34. Qe8 d4 35. Bd2 dxc3 36. Bxc3 Nd4 37. Re7 Rf8 38. Qd7 Qxd7 39. Rxd7 Kg8 40. Kf1 Bf6 41. b4 Re8 42. Ra6 Bg7 43. Rxb6 Re3 44. Rb8+ Kh7 45. Bxd4 1-0

[Event "Lublin Zukertort Memorial 6th"]
[Site "Lublin"]
[Date "2014.06.18"]
[Round "3"]
[White "Praszak, Michal"]
[Black "Stoma, Pawel"]
[Result "0-1"]
[WhiteElo "2118"]
[BlackElo "2316"]
[PlyCount "72"]
[EventDate "2014.06.17"]
[EventType "tourn"]
[EventRounds "7"]
[EventCountry "POL"]
[SourceTitle "CBM 161 Extra"]
[Source "ChessBase"]
[SourceDate "2014.08.29"]
[SourceVersion "1"]
[SourceVersionDate "2014.08.29"]
[SourceQuality "1"]

1. d4 d5 2. Nc3 Bf5 3. Bf4 c6 4. e3 Qb6 5. Na4 Qa5+ 6. c3 Nd7 7. b4 Qd8 8. g4 Be4 9. f3 Bg6 10. h4 f6 11. h5 Bf7 12. Nc5 e5 13. Nxd7 exf4 14. Nxf8 Qe7 15. Nxh7 Rxh7 16. Bd3 Rh6 17. Qc2 Kf8 18. e4 a5 19. bxa5 g6 20. Ne2 gxh5 21. gxh5 dxe4 22. fxe4 f3 23. Ng3 Rxa5 24. Kf2 Rg5 25. Rag1 Qa3 26. Nf5 Rhxh5 27. Rxh5 Rxh5 28. Kxf3 Ne7 29. Nxe7 Kxe7 30. Rg2 Rh1 31. Qd2 Bh5+ 32. Ke3 Rd1 33. Qc2 b5 34. Rh2 Rc1 35. Qb3 Re1+ 36. Kf2 Qc1 0-1

[Event "POL-chT1"]
[Site "Szklarska Poreba"]
[Date "2013.09.09"]
[Round "3"]
[White "Praszak, Michal"]
[Black "Marks, Jacek"]
[Result "0-1"]
[WhiteElo "2132"]
[BlackElo "2070"]
[PlyCount "88"]
[EventDate "2013.09.07"]
[EventType "team-tourn"]
[EventRounds "9"]
[EventCountry "POL"]
[SourceTitle "EXT 2015"]
[Source "ChessBase"]
[SourceDate "2014.11.20"]
[SourceVersion "1"]
[SourceVersionDate "2014.11.20"]
[SourceQuality "1"]
[WhiteTeam "Lublin Drakon"]
[BlackTeam "Pultusk Nadnarwianka"]
[WhiteTeamCountry "POL"]
[BlackTeamCountry "POL"]

1. d4 d5 2. c4 e6 3. Nf3 Nf6 4. Nc3 c6 5. Qd3 dxc4 6. Qxc4 b5 7. Qd3 a6 8. g3 Bb7 9. a4 b4 10. Ne4 Nbd7 11. Bf4 Nxe4 12. Qxe4 Nf6 13. Qc2 Rc8 14. Bg2 c5 15. dxc5 Bxc5 16. Qd1 Qb6 17. 0-0 0-0 18. a5 Qb5 19. Ne1 Rfd8 20. Nd3 Bxg2 21. Kxg2 b3 22. Qb1 Bd4 23. Rc1 h6 24. Bd2 e5 25. Rxc8 Rxc8 26. Qd1 Rc2 27. Rb1 e4 28. Nb4 e3 29. fxe3 Bxe3 30. Bxe3 Rxe2+ 31. Bf2 Ng4 32. Qd8+ Re8 33. Qd4 Nxf2 34. Rf1 Ne4 35. Re1 Nf6 36. Rxe8+ Nxe8 37. Qe4 Nf6 38. Qa8+ Kh7 39. Nxa6 Qe2+ 40. Kg1 Ng4 41. Qg2 Qe1+ 42. Qf1 Qxa5 43. Qe2 f5 44. Qe6 Qa1+ 0-1

[Event "POL-chT1"]
[Site "Szklarska Poreba"]
[Date "2013.09.07"]
[Round "1"]
[White "Sliwerski, Radoslaw"]
[Black "Praszak, Michal"]
[Result "1-0"]
[WhiteElo "2082"]
[BlackElo "2132"]
[PlyCount "61"]
[EventDate "2013.09.07"]
[EventType "team-tourn"]
[EventRounds "9"]
[EventCountry "POL"]
[SourceTitle "EXT 2015"]
[Source "ChessBase"]
[SourceDate "2014.11.20"]
[SourceVersion "1"]
[SourceVersionDate "2014.11.20"]
[SourceQuality "1"]
[WhiteTeam "Miedzyborow Wrzos"]
[BlackTeam "Lublin Drakon"]
[WhiteTeamCountry "POL"]
[BlackTeamCountry "POL"]

1. d4 Nf6 2. Nf3 g6 3. g3 Bg7 4. Bg2 0-0 5. c4 d6 6. Nc3 c6 7. 0-0 Qa5 8. h3 e5 9. e4 Re8 10. d5 cxd5 11. cxd5 b5 12. Nd2 b4 13. Ne2 Ba6 14. a3 Nbd7 15. Nb3 Qb5 16. Re1 Qd3 17. Bd2 bxa3 18. Rxa3 Qb5 19. Nc3 Qb7 20. Be3 Qc8 21. Qa1 Bc4 22. Nd2 a6 23. Rc1 Nc5 24. Nxc4 Nd3 25. Nxd6 Nxc1 26. Nxc8 Nd3 27. Nb6 Rab8 28. Rb3 Nd7 29. Nca4 Nxb6 30. Nxb6 f5 31. Rxd3 1-0

[Event "Lublin Gerlecka Memorial 3rd"]
[Site "Lublin"]
[Date "2013.08.??"]
[Round "1.2"]
[White "Kaluszynski, Andrzej"]
[Black "Praszak, Michal"]
[Result "0-1"]
[WhiteElo "1836"]
[BlackElo "2123"]
[PlyCount "72"]
[EventDate "2013.08.06"]
[EventType "swiss"]
[EventRounds "9"]
[EventCountry "POL"]
[SourceTitle "EXT 2023"]
[Source "ChessBase"]
[SourceDate "2022.10.05"]
[SourceVersion "1"]
[SourceVersionDate "2022.10.05"]
[SourceQuality "1"]

1. c4 b6 2. Nc3 Bb7 3. Nf3 f5 4. Qc2 e6 5. d3 Nf6 6. e4 Bc5 7. Bg5 h6 8. Bxf6 Qxf6 9. 0-0-0 Nc6 10. a3 0-0 11. Re1 Nd4 12. Nxd4 Bxd4 13. f3 a6 14. Ne2 Bf2 15. Rd1 d5 16. cxd5 exd5 17. Kb1 c5 18. Nc3 Bd4 19. Nxd5 Bxd5 20. exd5 Rfe8 21. f4 Re3 22. g3 Rae8 23. Rd2 Qd6 24. Bg2 b5 25. Rc1 a5 26. Ka2 a4 27. Qd1 Qa6 28. Bf3 b4 29. axb4 cxb4 30. Rc4 Re1 31. Rxd4 Rxd1 32. Rxd1 b3+ 33. Kb1 Qb6 34. Rxa4 Qf2 35. Bh5 Qc2+ 36. Ka1 Qxd1+ 0-1

[Event "Lublin Gerlecka Memorial 3rd"]
[Site "Lublin"]
[Date "2013.08.??"]
[Round "4.1"]
[White "Praszak, Michal"]
[Black "Polkowski, Piotr"]
[Result "0-1"]
[WhiteElo "2123"]
[BlackElo "2186"]
[PlyCount "46"]
[EventDate "2013.08.06"]
[EventType "swiss"]
[EventRounds "9"]
[EventCountry "POL"]
[SourceTitle "EXT 2023"]
[Source "ChessBase"]
[SourceDate "2022.10.05"]
[SourceVersion "1"]
[SourceVersionDate "2022.10.05"]
[SourceQuality "1"]

1. d4 d6 2. e4 Nc6 3. Nc3 e5 4. Nge2 Be7 5. Be3 Bg5 6. f4 exf4 7. Nxf4 Nf6 8. Be2 0-0 9. 0-0 Re8 10. Bf3 Bf5 11. exf5 Rxe3 12. Nh3 Bh6 13. Nd5 Nxd5 14. Bxd5 Qh4 15. c3 Rae8 16. Qb3 Nxd4 17. Bxf7+ Kf8 18. Qd5 Ne2+ 19. Kh1 R8e5 20. Qc4 Rxh3 21. gxh3 Qxh3 22. Rf2 Ng3+ 23. Kg1 Be3 0-1